Konsolidovaná a súhrnná účtovná závierka - nový prvok v účtovníctve subjektov verejnej správy

Konsolidovaná účtovná závierka a IPSAS. Konsolidovaná a súhrnná účtovná závierka vo verejnej správe v Slovenskej republike. Metódy konsolidácie a súčasti konsolidovanej účtovnej závierky vo verejnej správe v Slovenskej republike.

Na minha lista:
Detalhes bibliográficos
Autor principal: Kovalčíková, Antónia
Formato: Capítulo de Livro
Idioma:eslovaco
Assuntos:
Tags: Adicionar Tag
Sem tags, seja o primeiro a adicionar uma tag!

MARC

LEADER 00000naa$a2200000$$$4500
001 0101166
005 20240502072115.2
041 0 |a slo 
044 |a SK 
245 1 0 |a Konsolidovaná a súhrnná účtovná závierka - nový prvok v účtovníctve subjektov verejnej správy  |c Antónia Kovalčíková 
520 |a Konsolidovaná účtovná závierka a IPSAS. Konsolidovaná a súhrnná účtovná závierka vo verejnej správe v Slovenskej republike. Metódy konsolidácie a súčasti konsolidovanej účtovnej závierky vo verejnej správe v Slovenskej republike. 
610 2 0 |a závierka účtovná konsolidovaná 
610 2 0 |a závierka účtovná 
610 2 0 |a jednotka účtovná 
610 2 0 |a správa verejná 
610 2 0 |a Slovensko 
610 2 0 |a IPSAS 
100 1 |a Kovalčíková, Antónia